| 000 | 00642nam a2200265Ia 4500 | ||
|---|---|---|---|
| 005 | 20260121165803.0 | ||
| 008 | 008 260114s9999 xx 000 0 eng d | ||
| 020 | _a9783662493496 | ||
| 037 | _aEBOOK | ||
| 040 | _aCRL | ||
| 040 | _beng | ||
| 040 | _cCRL | ||
| 041 | _2eng | ||
| 041 | _aeng | ||
| 084 | _qCRL | ||
| 100 |
_aBirger Stjernholm Madsen _91056027 |
||
| 245 | 0 | _aStatistics for Non-Statisticians | |
| 260 | _bSpringer | ||
| 260 | _bSpringer | ||
| 260 | _c2016 | ||
| 856 | _uhttps://link.springer.com/openurl?genre=book&isbn=978-3-662-49349-6 | ||
| 942 | _cEBOOK | ||
| 999 |
_c1621755 _d1621755 |
||